000 00760nam a22002417a 4500
005 20140726141908.0
008 140726b xxu||||| |||| 00| 0 eng d
020 _a9781111185718
_c5214.00
040 _aLoreto College
082 _a371.9
_bKIR
100 _aKirk,Samuel
245 _aEducation exceptional children
_cSamuel Kirk, James J.Gallagher, Mary Ruth Colemen and Nick Anastasiow
250 _a13th ed
260 _aBelmont
_bWadsworth Cengage Learning
_c2012
300 _axxxvi,401p
_b26cm
504 _aIncludes bibliographical references,glossary and index
650 _aSpecial education
700 _4Auth
_aGallagher,James J.
700 _4Auth
_aColeman,Mary Ruth
700 _4Auth
_aAnastasiow,Nick
850 _aLCLIB
942 _cBK
999 _c39406
_d89885